00380nam a2200133 4500082001200000100001600012245003600028260002100064300000800085650003500093942000700128999001100135952010000146 a546 DUR aDurrant P.J aGeneral and Inorganic Chemistry aLondonbLongmans a671 achemistryaInorganic chemistry cBK c60d60 0010708NFICaICbICcGENd2015-02-13l0o546 DURp001650r2022-11-17 00:00:00w2015-02-13yBK